Qindīl-i fikr. (Record no. 64280)

MARC details
000 -LEADER
fixed length control field 00577cam a22002291 4500
001 - CONTROL NUMBER
control field sa 65005386
003 - CONTROL NUMBER IDENTIFIER
control field DLC
005 - DATE AND TIME OF LATEST TRANSACTION
control field 20260227112137.0
008 - FIXED-LENGTH DATA ELEMENTS--GENERAL INFORMATION
fixed length control field 881210s1964 xx 000 0 urdo
010 ## - LIBRARY OF CONGRESS CONTROL NUMBER
LC control number sa 65005386
035 ## - SYSTEM CONTROL NUMBER
System control number (OCoLC)23581029
040 ## - CATALOGING SOURCE
Original cataloging agency DLC
Transcribing agency MiU
Modifying agency DLC
042 ## - AUTHENTICATION CODE
Authentication code premarc
050 00 - LIBRARY OF CONGRESS CALL NUMBER
Classification number LB775
Item number .S6679
100 1# - MAIN ENTRY--PERSONAL NAME
Personal name Shujāʻuddīn, Khalīfah,
Dates associated with a name 1887-1955.
245 10 - TITLE STATEMENT
Title Qindīl-i fikr.
260 ## - PUBLICATION, DISTRIBUTION, ETC.
Date of publication, distribution, etc. [1964]
300 ## - PHYSICAL DESCRIPTION
Extent 268 p.
Dimensions 19 cm.
500 ## - GENERAL NOTE
General note Romanized.
650 #0 - SUBJECT ADDED ENTRY--TOPICAL TERM
Topical term or geographic name entry element Education
General subdivision Philosophy
700 0# - ADDED ENTRY--PERSONAL NAME
Personal name Khalifa Salahuddin,
Dates associated with a name 1917-
Relator term ed.

No items available.

Powered by Koha